000 00346 a2200169 4500
001 171797
020 _a85-08-03689-2
040 _cMagnum
100 _aRey, Marcos
240 1 0 _aCorrida infernal
_lpor
245 1 0 _aCorrida infernal
300 _a117
362 0 _a1991
440 1 _aÁtica
697 _aLITERATURA JUVENIL
942 _cBK
999 _c171797
_d171797